000 03177cas a22006137a 4500
003 CHAP
005 20220329143424.0
008 001017 us mr p rnn 0 b1Eng d
010 _a96344
011 _a97316
022 _a0894-0282
035 _a107980
040 _cCHAP
245 0 _aMolecular Plant-Microbe Interactons
246 _aMPMI
260 0 _aSt. Paul, MN:
_bAPS Press
_c1987?
300 _av.
_blus
310 _aMensual
362 _av.22n.5,2009
590 _aBATCH-UPD
_b10
_c20130110
_lUCH01
_h0717
590 _aBATCH-UPD
_b10
_c20130410
_lUCH01
_h0402
590 _aBATCH-UPD
_b10
_c20130914
_lUCH01
_h0630
590 _aCONVERSION
_b10
_c20130109
_lUCH01
_h1353
650 0 4 _aBiofísica
_xPublicaciones periódicas.
_912739
650 0 4 _aGenética molecular.
_947496
852 2 _yISSUE
_d2012-12-17
_503
852 2 _yISSUE
_d2012-12-17
_503
852 2 _yISSUE
_d2012-12-17
_503
852 2 _yISSUE
_d2012-12-17
_503
852 2 _yISSUE
_d2012-12-17
_503
852 2 _yISSUE
_d2012-12-17
_503
852 2 _yISSUE
_d2012-12-17
_503
852 2 _yISSUE
_d2012-12-17
_503
852 2 _yISSUE
_d2012-12-17
_503
852 2 _yISSUE
_d2012-12-17
_503
852 2 _yISSUE
_d2012-12-17
_503
852 2 _yISSUE
_d2012-12-17
_503
866 _av. 22 n. 1 (January 2009) - v. 22 n. 12 (December 2009)
901 _aSE
905 _aAraceli Hernández Gómez.
942 _cISSUE
949 _bBC
_cPS
_d202915
_ePS
_fv. 22 n. 5 ( May 2009)
_i107980
_j22
_sn
949 _bBC
_cPS
_d203511
_ePS
_fv. 22 n. 2 ( February 2009)
_i107980
_j22
_sn
949 _bBC
_cPS
_d203512
_ePS
_fv. 22 n. 3 ( March 2009)
_i107980
_j22
_sn
949 _bBC
_cPS
_d203513
_ePS
_fv. 22 n. 4 ( April 2009)
_i107980
_j22
_sn
949 _bBC
_cPS
_d203514
_ePS
_fv. 22 n. 6 ( June 2009)
_i107980
_j22
_sn
949 _bBC
_cPS
_d203515
_ePS
_fv. 22 n. 7 ( July 2009)
_i107980
_j22
_sn
949 _bBC
_cPS
_d203516
_ePS
_fv. 22 n. 8 ( August 2009)
_i107980
_j22
_sn
949 _bBC
_cPS
_d203603
_ePS
_fv. 22 n. 1 ( January 2009)
_i107980
_j22
_sn
949 _bBC
_cPS
_d204034
_ePS
_fv. 22 n. 9 ( September 2009)
_i107980
_j22
_sn
949 _bBC
_cPS
_d204035
_ePS
_fv. 22 n. 10 ( October 2009)
_i107980
_j22
_sn
949 _bBC
_cPS
_d204539
_ePS
_fv. 22 n. 11 ( November 2009)
_i107980
_j22
_sn
949 _bBC
_cPS
_d205008
_ePS
_fv. 22 n. 12 ( December 2009)
_i107980
_j22
_sn
999 _c96344
_d96344